000 01519nam0a2200301 i 4500
001 RU\NLR\bibl\1910450
005 20240921112714.0
021 _aRU
_b2012-34985
_92601
035 _a(NLR Aleph) 001899989
090 _a3035375
_c3035375
100 _a20120604d2010 u y0rusy50 ca
101 0 _arus
102 _aRU
105 _ay |||||||||
200 1 _aПрокурорский надзор за исполнением земельного законодательства
_eучебно-методическое пособие
_fЯ.Б. Дицевич
_gИркут. юрид. ин-т (фил.) Акад. ген. прокуратуры Рос. Федерации
210 _aИркутск
_cИркутский юридический институт (филиал) Академии Генеральной прокуратуры Российской Федерации
_d2010
215 _a55 с.
_d21
320 _aБиблиогр.: с. 50-54 и в подстроч. примеч.
606 1 _aЗемельное право
_jУчебно-методические пособия
_xСоблюдение
_xПрокурорский надзор
_yРоссийская Федерация
_92135436
_3RU\NLR\auth\661592046
686 _aХ629.12я7
686 _aХ625я7
700 1 _aДицевич
_bЯ. Б.
_gЯрослава Борисовна
_4070
801 0 _aRU
_bNLR
_c20120604
_gRCR
801 1 _aRU
_bNLR
_c20120604
830 _aАвт. по кн.
942 _cBOOK
980 _aNBR